000 00671nam a2200241Ia 4500
003 OSt
005 20220928114813.0
006 a|||||r|||| 00| 0
007 ta
008 220927b |||||||| |||| 00| 0 eng d
024 _a41469
037 _cTextual
040 _aSDCL
_cSDCL
_beng
041 _2eng
_aeng
082 _aS13, M4
100 _aHolmes Deborah L
_9440878
245 0 _aDevelopment of infants born at risk.
260 _aNew Jersey
_bLawrence Erlbaum Associates
_c1984
300 _ax,257p.
_ccm.
700 _a Reich Jill Nagy
_9440879
942 _hS13, M4
_cTEXL
_2CC
999 _c756392
_d756392